Music Quiz

Random Music or Song Quiz
Score 0/16 Timer 07:00
0 Plays Today
Song Lyrics Song Title % Correct
My **** stinks much better than yoursCigaro
85.3%
And we are the ones that want to choose, Always want to play But you never want to loseAerials
83.1%
And if you go, I want to go with youLonely Day
80.2%
Minor drug offenders fill your prisons, you dont even flinchPrison Song
78.6%
Somewhere, between the sacred silence and sleepToxicity
78%
Non-stop disco, betcha didnt knowViolent Pornography
72.2%
You wanted toChop Suey
72.1%
They were crying when their sons left, God is wearing blackSoldier Side
71.1%
Song Lyrics Song Title % Correct
Hangars sitting dripped in oil, crying 'Freedom!'BYOB
69.3%
Do we, do we know when we flyQuestion
68.1%
Standing in the sun im about to meltOld School Hollywood
54.4%
Do we all learn defeat, from the **** with bad feet?Vicinity of Obscenity
52.3%
I've nothing, to gain, to loseATWA
49.9%
I need someone to make some cash selling assShe's Like Heroine
34.1%
And when you're feeling all down, a fairy will come around, so you'll be braveLegend of Zelda
20.9%
Her dreams and her country left with no one thereHypnotized
18.5%
Remove Ads.
Support Sporcle.
Get the best of Sporcle when you Go Orange. This ad-free experience offers more features, more stats, and more fun while also helping to support Sporcle. Thank you for becoming a member.

You're not logged in!

Compare scores with friends on all Sporcle quizzes.
OR
Log In

Show Comments

Extras

Created Oct 28, 2010ReportNominate
Tags:Song Quiz, Down, Down Songs, System

Top Quizzes Today


Score Distribution

Your Account Isn't Verified!

In order to create a playlist on Sporcle, you need to verify the email address you used during registration. Go to your Sporcle Settings to finish the process.

Report this User

Report this user for behavior that violates our Community Guidelines.

Details: